000 00327nam a22000977a 4500
008 171023b xxu||||| |||| 00| 0 eng d
100 _aLewis, John
245 _aPrinted Epemera: The changing uses of type & letterform in English & Am. printing
260 _aNew York
_bDover Publications
_c1962
650 _aprinting; letterforms; type
999 _c2528
_d2528